000 00430nam a22001577a 4500
005 20260305094258.0
008 260305b |||||||| |||| 00| 0 eng d
020 _a9780702051494 (pbk)
040 _cPK-LaUMT
082 _a617.6023
_bCHU-
245 _aChurchill's pocketbooks clinical dentistry /
_cedited by Crispian Scully
250 _a4th ed.
260 _aEdinburgh :
_bElsevier,
_c2016
300 _a696 p.
942 _cBK
999 _c139967
_d139967